| 000 | 01277nam0a2200337 4500 | ||
|---|---|---|---|
| 001 | RU\NLR\BIBL_A\012455526 | ||
| 005 | 20210907170744.0 | ||
| 010 |
_a978-5-6042967-1-4 _91000 |
||
| 021 |
_aRU _bКН-П-20-063736 _9КН-П-20-4781 |
||
| 035 | _a(NLR Aleph) 012455526 | ||
| 035 | _a(RuMoRGB)010450572 | ||
| 090 |
_a11997007 _c11997007 |
||
| 100 | _a20210217d2020 u y0rusy50 ca | ||
| 101 | 0 | _arus | |
| 102 | _aRU | ||
| 105 | _aac||zzzz000zy | ||
| 181 | 0 |
_ai _baxxe |
|
| 182 | 0 | _an | |
| 200 | 1 |
_aКак сделать автомобиль тихим _eконцепция. Материалы. Технология _fЮ. И. Буцкий, С. П. Прямков |
|
| 203 |
_aТекст _bвизуальный _cнепосредственный |
||
| 210 |
_aМосква _cAuditoria _d2020 |
||
| 215 |
_a111 с. _cил., табл., цв. ил., портр. _d24 |
||
| 606 | 1 |
_aАвтомобили _xШумы _xБорьба с ними _92315557 _3RU\NLR\AUTH\6601610889 |
|
| 686 | 1 | _aО33-021.5 | |
| 700 | 1 |
_aБуцкий _bЮ. И. _gЮрий Иванович |
|
| 701 | 1 |
_aПрямков _bС. П. _gСергей Павлович |
|
| 942 | _cBOOK | ||
| 980 | _aNBR | ||
| 980 | _aNB | ||